An Introduction to Statistical Methods (Record no. 1336)

MARC details
000 -LEADER
fixed length control field 00445nam a22001697a 4500
005 - DATE AND TIME OF LATEST TRANSACTION
control field 20180530115907.0
008 - FIXED-LENGTH DATA ELEMENTS--GENERAL INFORMATION
fixed length control field 160521b xxu||||| |||| 00| 0 eng d
020 ## - INTERNATIONAL STANDARD BOOK NUMBER
ISBN 81-259-1654-7
041 ## - LANGUAGE CODE
Language code of text/sound track or separate title eng
082 ## - DEWEY DECIMAL CLASSIFICATION NUMBER
Item number 3889
Classification number 519.5
100 ## - MAIN ENTRY--AUTHOR NAME
Personal name Gupta C.B. & Gupta Vijay
245 ## - TITLE STATEMENT
Title An Introduction to Statistical Methods
260 ## - PUBLICATION, DISTRIBUTION, ETC. (IMPRINT)
Place of publication New Delhi
Name of publisher Vikas Publishing House (P) Ltd.
300 ## - PHYSICAL DESCRIPTION
Number of Pages 829
650 ## - SUBJECT ADDED ENTRY--TOPICAL TERM
Topical Term Management
942 ## - ADDED ENTRY ELEMENTS (KOHA)
Koha item type Books
Holdings
Lost status Damaged status Collection code Home library Current library Shelving location Date acquired Cost, normal purchase price Full call number Accession Number Koha item type
    MANAGEMENT JRU Library JRU Library SHELF-74-E 21/05/2016 210.00 519.5 3889 Books
    MANAGEMENT JRU Library JRU Library SHELF-74-E 21/05/2016 210.00 519.5 3890 Books
    MANAGEMENT JRU Library JRU Library SHELF-74-E 21/05/2016 210.00 519.5 3891 Books
    MANAGEMENT JRU Library JRU Library SHELF-74-E 21/05/2016 210.00 519.5 3892 Books
    MANAGEMENT JRU Library JRU Library SHELF-42-J 21/05/2016 210.00 519.5 3893 Books